טוען...

Bioactive microbial products : v.2 development and production

מידע ביבליוגרפי
מחבר ראשי: Winstanley, D. J.
מחברים אחרים: Nisbet, L. J.
פורמט: Printed Book
שפה:English
יצא לאור: New York Academic 1983
נושאים:
LEADER 00588nam a2200169 a 4500
005 20151028162231.0
008 960221s1955 dcuabcdjdbkoqu001 0deng d
003 ViArRB
082 |a 660.62 
100 |a Winstanley, D. J.  |9 25587 
245 |a  Bioactive microbial products  |b : v.2 development and production 
653 |a Microbiology-industrial  |a Industrial Microbiology 
700 |a Nisbet, L. J.  |9 25586 
942 |c BK  |6 _ 
260 |a New York  |b Academic  |c 1983 
999 |c 77886  |d 77886 
952 |0 0  |1 0  |2 ddc  |4 0  |6 66062_M32  |7 0  |9 90942  |a SOS  |b SOS  |d 2009-11-04  |o 660.62 M3.2  |p MS004482  |r 2013-06-14  |w 2009-07-13  |y BK